000 00729nam a2200169Ia 4500
008 090711s9999 xx 000 0 und d
082 _b163
100 _aमयेकर भालSांद्र
245 _aभ्रामक कल्पना आणि वैज्ञानिक सत्य
260 _bमनोविकास प्रकाशन
_c2000
300 _a135
600 _aमयेकर भालSांद्र
630 _aभ्रामक कल्पना आणि वैज्ञानिक सत्य
700 _aमयेकर भालSांद्र
730 _aभ्रामक कल्पना आणि वैज्ञानिक सत्य
942 _cBOOK
999 _c337132
_d337132